000
00274nam a22001217a 4500
008
170130b xxu||||| |||| 00| 0 eng d
041
_a
eng
080
_2
7th
_a
618.2
100
_a
2
101
_a
inf
245
_a
PREHOSPITAL EMERGENCY CARE
_c
MISTOVICH, J.J
942
_2
udc
_c
BK
999
_c
3971
_d
3971